Duos aus Filmen und Serien - Statistiken

Allgemein
  • Dieses Quiz wurde 172 mal gespielt
  • Das Durchschnittsergebnis liegt bei 12 aus 20
Antwortstatistiken
Figur 1 - Figur 2 % Korrekt
Asterix & Obelix
96%
Tom & Jerry
95%
Bibi & Tina
94%
Phineas & Ferb
84%
Chip & Chap
77%
Dick & Doof
72%
Fix & Foxi
68%
Rick & Morty
68%
Tim & Struppi
68%
Bernard & Bianca
67%
Timon & Pumbaa
67%
Bud Spencer & Terence Hill
65%
Fred Weasley & George Weasley
59%
Meerjungfraumann & Blaubarschbube
48%
Zack & Cody
44%
Wallace & Gromit
44%
Itchy & Scratchy
43%
Goofy & Max
38%
Flipper & Lopaka
17%
Thiel & Boerne
14%
Keine übereinstimmenden Quizze gefunden
Verteilung der Resultate
Anzahl Personen mit jedem Resultat
Perzentil nach korrekt beantworteten Fragen
Ihre Resultats-Entwicklung
Sie haben dieses Quiz noch nicht gespielt